Reforma a la Educación Superior: prioridad estratégica para 2010

محفوظ في:
التفاصيل البيبلوغرافية
المؤلف الرئيسي: Bitar, Sergio (مؤلف)
التنسيق: كتاب
اللغة:الإسبانية
منشور في: Santiago Gobierno de Chile 2005
الموضوعات:
الوسوم: إضافة وسم
لا توجد وسوم, كن أول من يضع وسما على هذه التسجيلة!

MARC

LEADER 00000cam a2200000 a 4500
001 UCG9445
003 CL-VaPUC
008 120316e20050000CL |||||||||||||||||spa|d
082 0 4 |a 379.983  |b BIT  |2 21 
100 0 |a Bitar, Sergio  |e author  |9 561040 
245 1 0 |a Reforma a la Educación Superior: prioridad estratégica para 2010 
246 1 0 |a Discurso de inauguración del año académico 2005 
300 |a 47 p 
942 |c BK 
945 |d 20120316 00:00:00  |a dcastane 
260 |a Santiago  |b Gobierno de Chile  |c 2005 
650 0 |a Reforma educacional   |9 256319 
650 0 |a Política educacional  |9 308011 
650 0 |a Educación superior   |9 223851 
583 |a last modification  |c 20120316 11:38:00  |k Rodrigo Vera 
999 |c 346997  |d 346995 
952 |0 0  |1 0  |4 0  |6 379_983000000000000_BIT_2005  |7 0  |8 ED_SUP  |9 448052  |a BIBGIM  |b BIBGIM  |c S_PSTGRDO  |d 2019-11-22  |i 4835441  |o 379.983 BIT 2005  |p 4835441  |r 2025-01-15  |w 2019-11-22  |y BK  |k ESU